000 01126nam a22003257a 4500
003 CHAP
005 20220329134839.0
008 971013s1972 r 00010 d
010 _a26884
011 _a27856
035 _a31957
040 _cCHAP
090 _aTesis
100 0 0 _aKattan Castillo, Mario.
_962799
245 _aAnálisis del comportamiento de costos de la producciónde naranja en el área de Montemorelos, N. L.
260 _aMonterrey, N. L. :
_bEl autor,
_c1972
300 _a83 h.
502 _aTesis (Ing. Agr. Administrador) -- ITESM. División de Ciencias Agropecuarias y Marítimas
590 _aALEPH
_b10
_c20130110
_lUCH01
_h1249
590 _aBATCH-UPD
_b10
_c20130110
_lUCH01
_h2002
590 _aBATCH-UPD
_b10
_c20130410
_lUCH01
_h1322
590 _aBATCH-UPD
_b10
_c20130914
_lUCH01
_h1836
590 _aCONVERSION
_b10
_c20130109
_lUCH01
_h1315
650 1 4 _aNaranja
_xAspectos económicos
_xNuevo León.
_980136
650 1 4 _aNaranja
_xCostos de producción.
_980147
650 1 4 _aNaranja
_xNuevo León.
_980180
901 _aBK
942 _cTESIS
949 _bBC
_cTES
_d-74016
_eTS1
_i31957
_si
999 _c26884
_d26884